Qué es el clasicismo?
-д хадгалсан:
| Үндсэн зохиолч: | |
|---|---|
| Формат: | Ном |
| Хэл сонгох: | испани |
| Хэвлэсэн: |
Ciudad de México
Fondo de Cultura Económica
1953
|
| Цуврал: | Breviarios del Fondo de Cultura Económica, 73
|
| Нөхцлүүд: | |
| Шошгууд: |
Шошго нэмэх
Шошго байхгүй, Энэхүү баримтыг шошголох эхний хүн болох!
|
MARC
| LEADER | 00000cam a2200000 a 4500 | ||
|---|---|---|---|
| 001 | UCT1711 | ||
| 003 | CL-VaPUC | ||
| 008 | 961004e19530000MX |||||||||||||||||spa|d | ||
| 082 | 0 | 4 | |a 840.9 |b PEY |2 21 |
| 100 | 0 | |a Peyre, Henri |e author |9 370736 | |
| 245 | 1 | 0 | |a Qué es el clasicismo? |
| 300 | |a 315 p | ||
| 942 | |c BK | ||
| 945 | |d 19961004 00:00:00 |a rleighto | ||
| 260 | |a Ciudad de México |b Fondo de Cultura Económica |c 1953 | ||
| 650 | 7 | |a CLASICISMO EN LA LITERATURA |2 CL-VaPUC |9 322098 | |
| 650 | 0 | |a Literatura francesa |9 266330 | |
| 650 | 0 | |a Neoclasicismo |9 268667 | |
| 650 | 0 | |a Racionalismo |9 259116 | |
| 650 | 0 | |a Intelectuales |9 262027 | |
| 650 | 0 | |a Arte |9 265238 | |
| 650 | 0 | |a Ética |9 255099 | |
| 650 | 0 | |a Bellas artes |9 334299 | |
| 583 | |a last modification |c 20130923 07:04:13 |k Rodrigo Vera | ||
| 490 | 0 | |a Breviarios del Fondo de Cultura Económica, 73 | |
| 999 | |c 252167 |d 252165 | ||
| 952 | |0 0 |1 0 |4 0 |6 840_900000000000000_PEY_1953 |7 0 |8 A |9 271872 |a BIBEDU |b BIBEDU |d 2019-11-19 |i 3234215 |o 840.9 PEY 1953 |p 3234215 |r 2019-11-19 |w 2019-11-19 |y BK |k LIT | ||
| 952 | |0 0 |1 0 |4 0 |6 840_900000000000000_PEY_1953 |7 0 |8 P |9 271873 |a BIBARQ |b BIBARQ |d 2019-11-19 |i 3234290 |o 840.9 PEY 1953 |p 3234290 |r 2025-01-20 |w 2019-11-19 |y BK |k ARQ | ||
| 952 | |0 0 |1 0 |4 0 |6 840_900000000000000_PEY_1953 |7 0 |8 A |9 271874 |a BIBEDU |b BIBEDU |d 2019-11-19 |i 1431625 |o 840.9 PEY 1953 |p 1431625 |r 2019-11-19 |w 2019-11-19 |y BK |k LIT | ||
| 952 | |0 0 |1 0 |4 0 |6 840_900000000000000_PEY_1953 |7 0 |8 A |9 271875 |a BIBEDU |b BIBEDU |d 2019-11-19 |i 4677374 |o 840.9 PEY 1953 |p 4677374 |r 2019-11-19 |w 2019-11-19 |y BK |k EPE | ||
| 952 | |0 0 |1 0 |3 erd |4 0 |6 840_900000000000000_PEY_1953 |7 0 |8 A |9 271876 |a BIBART |b BIBART |d 2019-11-19 |i 5010489 |o 840.9 PEY 1953 |p 5010489 |r 2025-03-13 |w 2019-11-19 |y BK |z Catalogado en:20130930 |k ART | ||